000 00452nam a2200181Ia 4500
005 20250423094645.0
008 250422s9999 xx 000 0 und d
020 _a0-471-04521-7
050 _aQA 76.64 .T39/
100 _aDavid A. Taylor
245 0 _aBusiness Engineering with object technology
260 _aNew York
260 _bJohn Wiley & Sons
260 _c1995
300 _a188 p
650 _aBusiness Data Processing
942 _cBK
999 _c27904
_d27904